| 000 | 00463pab a2200157 454500 | ||
|---|---|---|---|
| 008 | 180718b2012 xxu||||| |||| 00| 0 eng d | ||
| 100 | _aGurumurthy, B. | ||
| 245 | _aA case study on strategic and geopolitical impact of PLA - Pak military strategic partnership and security implications for India | ||
| 260 | _c2012 | ||
| 300 | _ap.5-20. | ||
| 362 | _aJan - Mar | ||
| 650 | _aInternational relations | ||
| 773 | _aUSI Journal | ||
| 908 | _aN | ||
| 909 | _a95964 | ||
| 999 |
_c95964 _d95964 |
||